00956 2200265 4500001002100000005001500021007000300036008004100039020002200080035002000102082001000122084001600132100002900148245007600177264003200253300003900285336002100324337003000345338002300375504002000398505022700418650001300645650002100658990001100679INLIS00000000002265920250724103156ta250724 g 0 ind  a978-979-3322-44-5 a0010-0725000052 a005.5 a005.5 GAT a0 aGatot PramonoePengarang1 aAplikasi Component Display Theory dalam Multimedia dan Web Pembelajaran aJakarta :bPUSTEKKOM,c2007 a191 halaman :bIlustrasi ;c25 cm. 2rdacontentaTeks 2rdamediaaTanpa Perantara 2rdacarrieraLembar a190-191 Halaman aRincian isi sebagai berikut: 1. Multimedia Pembelajaran 2. Pembelajaran berbasis web 3. Teori Gagne 4. Component Display Theory (CDT) 5. Aplikasi CDT dalam Multimedia 6. Aplikasi CDT dalam Pembelajaran berbasis web 4aKomputer 4aProgram Aplikasi a068767